000
00307nam a2200121Ia 4500
008
220204s9999 xx 000 0 und d
082
_a
678
_b
BOV
245
0
_a
Macromolecules: An introduction to polymer science
260
_a
New York
_c
1979
700
_a
Bovey, F A
700
_a
Winslow, F A
942
_c
BK
999
_c
35374
_d
35374